| 000 | 00599nam a2200229 a 4500 | ||
|---|---|---|---|
| 001 | BRL_1313 | ||
| 005 | 20190320211137.0 | ||
| 008 | 060114s1975----nyua######---#000-0#eng-# | ||
| 020 | _a0486228495 | ||
| 041 | _aeng | ||
| 044 | _anyu | ||
| 050 | 4 |
_aNK3088.C66 _b.G47 1975 |
|
| 100 | 1 |
_aGerspach, M. _d1833-1906 _q(Edouard) _926481 |
|
| 245 | 1 | 0 |
_aCoptic textile designs _cM. Gerspach. |
| 260 |
_aNew York _bDover _c1975 |
||
| 300 |
_a83 p. _bil. _c23 cm. |
||
| 440 | 0 |
_aPictorial archive series _926482 |
|
| 500 | _aAu1600 | ||
| 650 | 1 | 4 |
_aTapetes Coptic _926483 |
| 902 | _aGRL | ||
| 942 |
_2lcc _cB |
||
| 999 |
_c10125 _d10125 |
||